Loading...
| Fine Arts - Other | 1 | 5 | 0 | 0 | 65 | 50 | 96.33 | 3 | 6 | 0.00 | 0.00 |
| Mythology | 0 | 3 | 0 | 0 | 30 | 100 | 116.00 | 0 | 3 | 0.00 | 0.00 |
| History - American | 0 | 3 | 0 | 0 | 30 | 100 | 110.00 | 1 | 3 | 0.00 | 0.00 |
| History - Ancient/Other | 0 | 3 | 0 | 2 | 30 | 120 | 129.00 | 0 | 3 | 0.00 | 0.00 |
| Geography | 1 | 1 | 0 | 0 | 25 | 56 | 77.50 | 1 | 2 | 0.00 | 0.00 |
| History - World | 1 | 1 | 0 | 1 | 25 | 46 | 93.00 | 1 | 2 | 0.00 | 0.00 |
| History - European | 1 | 1 | 1 | 1 | 20 | 55 | 101.50 | 1 | 2 | 0.00 | 0.00 |
| Literature - British | 0 | 2 | 0 | 1 | 20 | 140 | 145.50 | 0 | 2 | 0.00 | 0.00 |
| History - Ancient | 1 | 0 | 0 | 0 | 15 | 45 | 45.00 | 1 | 1 | 0.00 | 0.00 |
| Religion | 0 | 1 | 0 | 0 | 10 | 136 | 136.00 | 0 | 1 | 0.00 | 0.00 |
| Literature - European | 0 | 1 | 0 | 1 | 10 | 157 | 157.00 | 0 | 1 | 0.00 | 0.00 |
| Fine Arts - Visual | 0 | 1 | 0 | 0 | 10 | 144 | 144.00 | 0 | 1 | 0.00 | 0.00 |